Fortunes and Circumstances (Record no. 3745)

MARC details
000 -CABECERA
campo de control de longitud fija 01150nam a2200265 a 4500
001 - NÚMERO DE CONTROL
campo de control BRCA_4020
005 - FECHA Y HORA DE LA ÚLTIMA TRANSACCIÓN
campo de control 20190320204521.0
008 - DATOS DE LONGITUD FIJA--INFORMACIÓN GENERAL
campo de control de longitud fija 250110s2009----enka######---#000-0#eng-#
041 ## - CÓDIGO DE LENGUA
Código de lengua del texto/banda sonora o título independiente eng
044 ## - CÓDIGO DEL PAÍS DE LA ENTIDAD EDITORA/PRODUCTORA
Código MARC del país enk
050 #4 - SIGNATURA TOPOGRÁFICA DE LA BIBLIOTECA DEL CONGRESO
Número de clasificación NK4340
Número de documento/Ítem .P57 2009
100 1# - ENTRADA PRINCIPAL--NOMBRE DE PERSONA
Nombre de persona Pirouz-Moussavi, Farzaneh
9 (RLIN) 10451
245 10 - MENCIÓN DE TÍTULO
Título Fortunes and Circumstances
Resto del título an Examination of the Talavera Industry of Puebla.
260 ## - PUBLICACIÓN, DISTRIBUCIÓN, ETC.
Lugar de publicación, distribución, etc. Oxford, Inglaterra
Fecha de publicación, distribución, etc. 2009
300 ## - DESCRIPCIÓN FÍSICA
Extensión 2 v.
Otras características físicas il. a color
Material acompañante/anejo 8 hojas sueltas que contienen un listado de obras de la colección Franz Mayer en v.1
500 ## - NOTA GENERAL
Nota general Incluye glosario, calendario cronológico: México después de la conquista y lista de ilustraciones
500 ## - NOTA GENERAL
Nota general Incluye piezas de la colección Franz Mayer: p. 2, 99, 121-124, 149-150, 152-153, 199-202, 208, 271-272, 279, 331, 333 y 338
502 ## - NOTA DE TESIS
Nota de tesis Tesis Doctorado (Doctor en Filosofía) Universidad de Oxford
504 ## - NOTA DE BIBLIOGRAFÍA, ETC.
Nota de bibliografía, etc. Incluye referencias bibliográficas
650 14 - PUNTO DE ACCESO ADICIONAL DE MATERIA--TÉRMINO DE MATERIA
Término de materia o nombre geográfico como elemento de entrada Talavera de puebla
Subdivisión general Industria
Subdivisión geográfica México
9 (RLIN) 10452
650 14 - PUNTO DE ACCESO ADICIONAL DE MATERIA--TÉRMINO DE MATERIA
Término de materia o nombre geográfico como elemento de entrada Talavera poblana
Subdivisión general Industria
Subdivisión geográfica México
9 (RLIN) 10453
650 14 - PUNTO DE ACCESO ADICIONAL DE MATERIA--TÉRMINO DE MATERIA
Término de materia o nombre geográfico como elemento de entrada Cerámica mexicana
Subdivisión geográfica Puebla, México
9 (RLIN) 10454
902 ## - CATALOGADOR
Iniciales TES
942 ## - ELEMENTOS DE PUNTO DE ACCESO ADICIONAL (KOHA)
Fuente del sistema de clasificación o colocación Library of Congress Classification
Tipo de ítem Koha Tesis
Holdings
Estado de retiro Estado de pérdida Estado dañado No para préstamo Localización permanente Ubicación/localización actual Fecha de adquisición Total de préstamos Signatura topográfica completa Código de barras Fecha visto por última vez Precio válido a partir de Tipo de ítem Koha Código de colección
El ejemplar forma parte de la colección y puede ser consultado según las políticas vigentes.       Biblioteca del Museo Franz Mayer (Rogerio Casas-Alatriste) Biblioteca del Museo Franz Mayer (Rogerio Casas-Alatriste) 19/01/2010   NK4340 .P57 2009 TES00012 22/03/2019 22/03/2019 Tesis  
El ejemplar forma parte de la colección y puede ser consultado según las políticas vigentes.       Biblioteca del Museo Franz Mayer (Rogerio Casas-Alatriste) Biblioteca del Museo Franz Mayer (Rogerio Casas-Alatriste) 02/06/2016   NK4340 .P57 2009 TES00063 22/03/2019 22/03/2019 Tesis Acervo General